<?xml version="1.0" encoding="UTF-8"?>
<collection xmlns="http://www.loc.gov/MARC21/slim">
 <record>
  <leader>02119nam a22002531a 4500</leader>
  <controlfield tag="001">1/27343</controlfield>
  <controlfield tag="008">      s2001    lu     f      00010 gre d</controlfield>
  <datafield tag="022" ind1="0" ind2=" ">
   <subfield code="a">0254-1483</subfield>
  </datafield>
  <datafield tag="022" ind1="0" ind2=" ">
   <subfield code="a">0254-1475</subfield>
  </datafield>
  <datafield tag="028" ind1="3" ind2="1">
   <subfield code="a">KT-CO-01-799-GR-C</subfield>
  </datafield>
  <datafield tag="028" ind1="3" ind2="1">
   <subfield code="a">KT-CO-01-799-EN-C</subfield>
  </datafield>
  <datafield tag="028" ind1="3" ind2="1">
   <subfield code="a">2001/0297 (ACC)</subfield>
  </datafield>
  <datafield tag="035" ind1=" " ind2=" ">
   <subfield code="l">29203</subfield>
  </datafield>
  <datafield tag="040" ind1=" " ind2=" ">
   <subfield code="a">GR-PeUP</subfield>
  </datafield>
  <datafield tag="084" ind1=" " ind2=" ">
   <subfield code="a">KET COM (2001) 750 τελικό</subfield>
  </datafield>
  <datafield tag="110" ind1="2" ind2=" ">
   <subfield code="a">Επιτροπή των Ευρωπαϊκών Κοινοτήτων.</subfield>
  </datafield>
  <datafield tag="245" ind1="1" ind2="0">
   <subfield code="a">Πρόταση κανονισμού του Συμβουλίου περί ανανεώσεως για το έτος 2002 των μέτρων που προβλέπονται στον κανονισμό (ΕΚ) αριθ. 1416/95 σχετικά με την πρόβλεψη παραχωρήσεων υπό μορφή κοινοτικών δασμολογικών ποσοστώσεων για το 1995 για ορισμένα μεταποιημένα γεωργικά προϊόντα, όσον αφορά τα προϊόντα που προέρχονται από τη Νορβηγία:</subfield>
   <subfield code="b">υποβλήθηκε από την Επιτροπή/</subfield>
   <subfield code="c">Επιτροπή των Ευρωπαϊκών Κοινοτήτων</subfield>
  </datafield>
  <datafield tag="246" ind1="1" ind2="0">
   <subfield code="a">Proposal for a Council Regulation renewing for 2002 the measures laid down in Regulation (EC) No 1416/95 establishing certain concessions in the form of Community tariff quotas in 1995 for certain processed agricultural products, as regards products originating in Norway:</subfield>
   <subfield code="b">presented by the Commission</subfield>
  </datafield>
  <datafield tag="260" ind1="0" ind2=" ">
   <subfield code="a">Βρυξέλλες, Λουξεμβούργο:</subfield>
   <subfield code="b">Υπηρεσία Επισήμων Εκδόσεων των Ευρωπαϊκών Κοινοτήτων,</subfield>
   <subfield code="c">12.12.2001</subfield>
  </datafield>
  <datafield tag="300" ind1=" " ind2=" ">
   <subfield code="a">8 σελ.</subfield>
  </datafield>
  <datafield tag="500" ind1=" " ind2=" ">
   <subfield code="a">Δίγλωσσο</subfield>
  </datafield>
  <datafield tag="852" ind1=" " ind2=" ">
   <subfield code="a">INST</subfield>
   <subfield code="b">UNIPILB</subfield>
   <subfield code="c">KET</subfield>
   <subfield code="e">20050721</subfield>
   <subfield code="h">KET COM (2001) 750 τελικό</subfield>
   <subfield code="p">COM (2001) 750</subfield>
   <subfield code="q">COM (2001) 750</subfield>
   <subfield code="t">NOLOAN</subfield>
   <subfield code="y">23</subfield>
   <subfield code="4">1</subfield>
  </datafield>
  <datafield tag="856" ind1="4" ind2="1">
   <subfield code="u">http://eur-lex.europa.eu/LexUriServ/LexUriServ.do?uri=COM:2001:0750:FIN:EL:PDF</subfield>
  </datafield>
  <datafield tag="856" ind1="4" ind2="1">
   <subfield code="u">http://eur-lex.europa.eu/LexUriServ/LexUriServ.do?uri=COM:2001:0750:FIN:EN:PDF</subfield>
  </datafield>
 </record>
</collection>
